000 00949nam a22003137a 4500
003 CHAP
005 20220329134245.0
008 971013s1954 r 00010 d
010 _a17719
011 _a18691
035 _a22776
040 _cCHAP
082 _a519.3
_bB53
100 0 0 _aBlackwell, David Harold.
_913014
245 _aTheory of games and statistical decision
260 _aNew York :
_bWiley,
_c1954
300 _a355 p.
590 _aBATCH-UPD
_b10
_c20130110
_lUCH01
_h0150
590 _aBATCH-UPD
_b10
_c20130110
_lUCH01
_h1625
590 _aBATCH-UPD
_b10
_c20130410
_lUCH01
_h1019
590 _aBATCH-UPD
_b10
_c20130914
_lUCH01
_h0642
590 _aCONVERSION
_b10
_c20130109
_lUCH01
_h1311
650 1 4 _aEstadística matemática.
_938261
650 1 4 _aJuegos, teoría de los.
_962279
700 0 _aGirshick, M. A.
_948209
901 _aBK
942 _cLIBRO
949 _a519.3 B53
_bBC
_cLIBRO
_d33724000126207
_eLIBRO
_i22776
_si
999 _c17719
_d17719